| 000 | 00544nam a2200169 4500 | ||
|---|---|---|---|
| 001 | 121514 | ||
| 003 | ES-MaACL | ||
| 005 | 20230906191750.0 | ||
| 007 | t| | ||
| 008 | 070214s1963 sp r ||||1| spa d | ||
| 100 | 1 |
_aPlandolit, Luis Julián. _992542 |
|
| 245 | 1 | 3 |
_aEl Apostol de América San Francisco Solano / _cP. Luis Julián Plandolit, O. P. M. ; prólogo del P. Carlos F. Caselli. |
| 260 |
_aMadrid : _bCisneros, _c1963. |
||
| 300 |
_a539 p. ; _c24 cm. |
||
| 700 | 1 |
_aCaselli, Carlos F. _936287 |
|
| 852 |
_aES-MaACL _jC-24091 _bR.52278 |
||
| 999 |
_c121514 _d121514 |
||